000 01073nam a22002297a 4500
999 _c3574
_d3574
005 20240226095456.0
008 240226b ||||| |||| 00| 0 eng d
020 _a9781447236634
040 _cKH8
082 _aFIC WIL
100 _a Wilson, Anna
_eAuthor
245 _aI'm a chicken, get me out of here!
_cAnna Wilson
260 _aLondon,
_bMacmillan Children's Books,
_c2013
300 _a225 pages :
_billustrations ;
_c20 cm
520 _aTitch the chicken is trapped. She arrived at Wilf's house by mistake when one of Mum's Internet orders went wrong (again). Now she is desperate to GET OUT OF THERE! There's a dopey dog to deal with and a very snooty cat - and, worse, Wilf has made her share a room with Brian, an EXTREMELY fussy guinea pig. Titch is no birdbrain and plots to escape. But when the other pets are put in danger, Titch realizes she has to stay and help her new friends
521 _a7+.
650 _aAnimals Fiction
650 _aChickens
650 _aChickens Fiction
700 _aRowland, Andy
_eIllustrator
942 _2ddc
_cFIC